Los desafíos de la administración en el siglo XXI
Gardado en:
| Autor Principal: | |
|---|---|
| Formato: | Libro |
| Idioma: | Lingua castelá |
| Publicado: |
Buenos Aires
Sudamericana
1999
|
| Subjects: | |
| Tags: |
Engadir etiqueta
Sen Etiquetas, Sexa o primeiro en etiquetar este rexistro!
|
MARC
| LEADER | 00000nam a2200000 a 4500 | ||
|---|---|---|---|
| 001 | UCO1429 | ||
| 003 | CL-VaPUC | ||
| 008 | 000512e19990000AG |||||||||||||||||spa|d | ||
| 082 | 0 | 4 | |a 658 |b DRU |2 21 |
| 100 | 0 | |a Drucker, Peter Ferdinand |e author |9 413949 | |
| 245 | 1 | 4 | |a Los desafíos de la administración en el siglo XXI |
| 300 | |a 228 p | ||
| 942 | |c BK | ||
| 945 | |d 20000512 00:00:00 |a vberengu | ||
| 260 | |a Buenos Aires |b Sudamericana |c 1999 | ||
| 650 | 0 | |a Administración |9 259325 | |
| 650 | 0 | |a Administración de empresas |9 260833 | |
| 650 | 0 | |a Gestión |9 260993 | |
| 583 | |a last modification |c 20000512 00:00:00 |k Rodrigo Vera | ||
| 999 | |c 288050 |d 288048 | ||
| 952 | |0 0 |1 0 |4 0 |6 658_000000000000000_DRU_1999 |7 0 |8 A |9 335240 |a BIBING |b BIBING |d 2019-11-20 |i 3618072 |o 658 DRU 1999 |p 3618072 |r 2025-01-20 |w 2019-11-20 |y BK |k TRA | ||